Culture Générale - Série 1633 - Statistiques

Statistiques générales
  • Ce quiz a été pris 105 fois
  • Le résultat moyen est 5 sur 10
Statistiques - réponses
Question Réponse % Correct
Selon l'expression, lorsqu'un énoncé est démontré de façon rigoureuse c'est qu'il a été prouvé par A plus... B
97%
Quel nom donne-t-on au dernier repas de Jésus avec ses apôtres ? Cène
85%
Dans quelle ville du Maghreb, Charles de Gaulle constitue-t-il un gouvernement provisoire, le 3 juin 1944 ? Alger
80%
Combien de lettres l'alphabet grec compte-t-il ? 24
72%
Quel marquis, chef des volontaires français engagés dans la guerre d'Indépendance américaine en 1777, est surnommé le "Héros des deux mondes" ? La Fayette
64%
A quel chef d'État français attribue-t-on la phrase : "L'État, c'est moi" ? Louis XIV
56%
Dès 1956, dans quel club Pelé a-t-il effectué toute sa carrière au Brésil ? Santos FC
23%
Quel est le sous-titre de la pièce de Molière “Tartuffe” ? L'Imposteur
15%
Qui a écrit “Le Pape des escargots”, en 1972 ? Henri Vincenot
9%
Quel lieutenant général a remporté avec Dumouriez la bataille de Valmy en 1792 ? Kellermann
8%
Aucun quiz correspondant
Distribution des résultats
% des personnes avec chaque résultat
Percentile par nombre de réponses
Votre historique - résultats
Vous n’avez pas pris ce quiz